One Subcategory in 15 Categories - Color Quiz Stats

 Plays Quiz Updated Jun 25, 2018

Score 0/15 Timer 05:00
5 Plays Today
Question Answer Wrong Answers
HOLIDAY: What color are you supposed to wear on St. Patrick's Day? Green
93.9%
Red
0.5%
Blue
0.6%
White
0.5%
JUST FOR FUN: What character trait is associated with the color yellow (as in 'yellow streak' or 'yellow-bellied')? Cowardice
82.7%
Greed
4.5%
Ignorance
3%
Jealousy
7%
ENTERTAINMENT: Which green character is a supervillain rather than a superhero? Green Goblin
80.7%
Green Lantern
6.9%
Green Arrow
2.4%
Green Mask
5.6%
SCIENCE: What is the color of sulfur? Yellow
74.7%
Brown
7.7%
Red
6.5%
Black
6.9%
LANGUAGE: Which of these does not mean 'white' in another language? Jaune
71.9%
Wit
11.2%
Bianco
5.3%
Weiß
7.6%
GEOGRAPHY: Which of these countries does not have a national flag containing the color orange? Portugal
58.6%
Sri Lanka
10%
Côte d'Ivoire
11.5%
Armenia
19.3%
GAMING: What color is Mrs Peacock in Clue(do)? Blue
54.7%
Purple
32.6%
Red
4.2%
Yellow
4.3%
MOVIES: Which is not a film in Krzysztof Kieślowski's Three Colors trilogy? Green
53.8%
Blue
11.2%
White
25%
Red
8.1%
TELEVISION: Which classic TV series shot their complete first season in black and white, before switching to color for the following seasons? Gilligan's Island
53.7%
Bonanza
25.3%
Hogan's Heroes
11.8%
The Flying Nun
6.7%
LITERATURE: Who wrote the novel The Color Purple? Alice Walker
53.2%
Toni Morrison
15.8%
Maya Angelou
18.4%
Zora Neale Hurston
8.8%
MUSIC: Which band released an album known to fans as 'the Black Album'? Metallica
51.1%
The Rolling Stones
17.7%
The White Stripes
11.7%
Black Sabbath
18.4%
MISCELLANEOUS: What color is the first 'G' in Google's current logo? Blue
45.9%
Red
31%
Yellow
3.5%
Green
16.5%
SPORTS: What color jersey does the leader of the young rider classification of the Tour de France wear? White
42.7%
Green
28.2%
Red
12.8%
Blue
15.9%
RELIGION: Which shade of red do cardinals of the Roman Catholic church wear? Scarlet
36.2%
Ruby
5%
Carmine
18%
Crimson
36.3%
HISTORY: In which country did the Orange Revolution occur? Ukraine
28.7%
Netherlands
51%
Algeria
6.9%
Pakistan
9.8%

You're not logged in!

Compare scores with friends on all Sporcle quizzes.
OR
Log In

Sporcle TV

Today on Sporcle TV


Watch our educational content, quiz creation guides, and fun videos on Sporcle TV.

Show Comments

Extras

Top Quizzes Today


Score Distribution

Your Account Isn't Verified!

In order to create a playlist on Sporcle, you need to verify the email address you used during registration. Go to your Sporcle Settings to finish the process.

Report this User

Report this user for behavior that violates our Community Guidelines.

Details: